000 01214nam0a22003251 4500
001 v19\rc\1785423
005 20250619121433.0
035 _a(NLR Aleph) 004899367
090 _a5357481
_c5357481
100 _a20061204e19041904|||y0rusy50 ca
101 0 _arus
102 _aRU
105 _aa z |||||
200 1 _aК зараженности волжской частиковой рыбы
_f[С. Тихенко]
210 _aСанкт-Петербург
_cтипо-лит. М.П. Фроловой
_d[1904]
215 _a25 с.
_cил.
_d24
300 _aАвт. указан в конце текста
309 _aБез тит. л. и обл.
311 _aОтт. из "Вестн. рыбопром.", № 4 за 1904 г.
320 _aБиблиогр. в предисл.
488 0 _12001#$aВестник рыбопромышленности$v1904, № 4
_tВестник рыбопромышленности
700 1 _aТихенко
_bС.А.
_gСергей Андреевич
801 0 _aRU
_bNLR
_gpsbo
801 0 _aRU
_bRuMoRGB
_2psbo
801 1 _aRU
_bProSoft-M
_2rusmarc
852 _aNLR
_j34.82.6.710
899 _aRuMoRGB
_jA 219/1510
899 _aБАН
942 _cBOOK
980 _aNB